|
|
|
|
| LEADER |
00000nas a2200000 a 4500 |
| 001 |
ssj0000392675 |
| 003 |
WaSeSS |
| 005 |
20200512172242.0 |
| 006 |
m d |
| 007 |
cr n |
| 008 |
100901c19919999ii || pos 0 0eng c |
| 010 |
|
|
|a 2011262025
|
| 016 |
7 |
|
|a 101547239
|2 DNLM
|
| 022 |
|
|
|a 0976-2795
|y 0972-6748
|
| 035 |
|
|
|a (WaSeSS)ssj0000392675
|
| 040 |
|
|
|a AU@
|b eng
|e pn
|c AU@
|d OCLCQ
|d NTE
|d OCLCQ
|d CGU
|d OCLCA
|d OCLCQ
|d CGU
|d CUS
|d OCLCQ
|d OCLCF
|d OCLCO
|d OCLCQ
|d CASUM
|d OCLCA
|d NLM
|d OCLCO
|d OCLCA
|d VT2
|d WaSeSS
|
| 042 |
|
|
|a pcc
|
| 043 |
|
|
|a a-ii---
|
| 050 |
1 |
4 |
|a RC451.I4
|
| 060 |
0 |
0 |
|a W1
|
| 210 |
1 |
0 |
|a Ind Psychiatry J
|2 dnlm
|
| 245 |
0 |
0 |
|a Industrial psychiatry journal
|h [electronic resource].
|
| 246 |
1 |
3 |
|a IPJ
|
| 260 |
|
|
|a Mumbai, India :
|b Medknow,
|c [1991]-
|
| 310 |
|
|
|a Semiannual
|
| 362 |
1 |
|
|a Began with 1991.
|
| 506 |
|
|
|a License restrictions may limit access.
|
| 550 |
|
|
|a Issued by: Association of Industrial Psychiatry of India.
|
| 588 |
|
|
|a Description based on: Vol. 17, issue 1 (Jan./June 2008); title from cover PDF(IPJ Web site, viewed on Mar. 5, 2011).
|
| 588 |
|
|
|a Latest issue consulted: Vol. 25, issue 2 (July/Dec. 2016) (viewed on Aug. 23, 2017).
|
| 650 |
|
0 |
|a Psychiatry
|z India
|v Periodicals.
|
| 650 |
|
0 |
|a Medicine, Industrial
|z India
|v Periodicals.
|
| 650 |
1 |
2 |
|a Occupational Medicine.
|
| 650 |
1 |
2 |
|a Psychiatry.
|
| 650 |
2 |
2 |
|a Occupational Health.
|
| 650 |
|
7 |
|a Medicine, Industrial.
|2 fast
|0 (OCoLC)fst01015256
|
| 650 |
|
7 |
|a Psychiatry.
|2 fast
|0 (OCoLC)fst01081152
|
| 651 |
|
2 |
|a India.
|
| 651 |
|
7 |
|a India.
|2 fast
|0 (OCoLC)fst01210276
|
| 655 |
|
0 |
|a Electronic journals.
|
| 710 |
2 |
|
|a Association of Industrial Psychiatry of India.
|
| 776 |
0 |
8 |
|i Print version:
|t Industrial psychiatry journal
|x 0972-6748
|
| 856 |
4 |
0 |
|z Full text available from Research Library: 01/01/2008 to present
|u https://search.proquest.com/publication/226500
|